000 00759nas a2200277 4500
001 BR2011001889
003 BR-BrBNA
005 20231205114919.0
007 ta
008 230509b bl.|||p| |||| 00| 00por d
040 _aBR-BrBNA
_bpor
_cBiblioteca Nacional de Agricultura
041 _a(Pt)
072 _aE70
100 1 _aCosta, A.C.
100 1 _aMacêdo, F.S.
100 1 _aSantos, A.
245 1 _aInflação de alimentos; do copom ao campo
650 _aALIMENTO
650 _aINFLAÇÃO
650 _aPREÇO
650 _aCONSUMO
650 _aPOLÍTICA MONETÁRIA
773 0 _tAgroanalysis (Brazil)
_xISSN 0100-4298
_g(Feb 2011), V. 31(2) p. 16-17
_wBR2011001889
909 _a202311
_bLúcia
_c55
_dLúcia Elande
942 _2AGRIS
_n0
_cANA
999 _c211181
_d211181